First Ministers of Scotland - Statistics

General Stats
  • This quiz has been taken 5 times
  • The average score is 6 of 9
Answer Stats
Years Served Party Answer % Correct
2007 - 2014 SNP Alex Salmond
100%
2024 - Present SNP John Swinney
100%
2014 - 2023 SNP Nicola Sturgeon
100%
1999 - 2000 Labour Donald Dewar
80%
2023 - 2024 SNP Humza Yousaf
60%
2000 - 2001 Labour Henry McLeish
40%
2001 - 2007 Labour Jack McConnell
40%
(Acting) 2000 Liberal Democrat Jim Wallace
40%
(Acting) 2001 Liberal Democrat Jim Wallace
40%
No matching quizzes found
Score Distribution
Percent of People with Each Score
Percentile by Number Answered
Your Score History
You have not taken this quiz